00775nam a2200217Ia 4500003000900000008004100009020002200050040001600072080001600088100002700104245011000131260002800241300001000269650005100279650003900330650003400369650002900403942000700432999001700439952010100456IN-BaIIA211028s9999 xx 000 0 eng d a978-1-4472-7860-3 cIIA Library a629.78bHAD aHadfield, Chris936647 0aYou are herebaround the world in 92 minutescChris Hadfield  aLondonbMacmillanc2014 a200p. aEarth (Planet) - photographs from space936648 aInternational space station936649 aPhotographs from space936650 aSpace photography936651 cBK c19190d19190 00104070aBANbBANcGENd2016-03-22eBBI l0o629.78/ HADp20112r2021-11-05w2016-03-22yBK